000 00514nam a2200193Ia 4500
005 20250923144700.0
008 008 250917s9999 xx 000 0 eng d
037 _aTextual
040 _aDSWL
_beng
_cDSWL
041 _aeng
_2eng
084 _qDSWL
245 0 _aManaging agency system
_cby National Council of India Applied Economic Research
260 _aNew Delhi
_bAsia Pub. House
_c1959
300 _axvi,147p.
365 _aINR
_b10
925 _g10
942 _cTEXL
999 _c1441989
_d1441989